La torre de cubos /

Guardado en:
Autor Principal: Devetach, Laura
Otros Autores: Colombo, Natalia Virginia; il.
Formato: Libro
Publicado: Buenos Aires : Alafaguara, 2013
Edición:3a. reimp.
Series:Alfaguara Infantil / Manuel Estrada
Materias:
Etiquetas: Agregar Etiqueta
Sin Etiquetas, Sea el primero en etiquetar este registro!
LEADER 00983nam a22002535a 4500
001 CEM.cems014610
005 20150806153915.0
008 130507s2013##################000#0#####d
003 CEMS
020 |a 9789870417200 
082 0 4 |a A868.4 
100 1 |a Devetach, Laura 
245 1 0 |a La torre de cubos /  |c Laura Devetach ; ilustrado Por Natalia Virginia Colombo 
250 |a 3a. reimp. 
260 |a Buenos Aires :  |b Alafaguara,  |c 2013 
300 |a 120 p. 
490 0 |a Alfaguara Infantil / Manuel Estrada 
505 0 |a La torre de cubos -- La planta de Bartolo -- El deshollinador que no tenía trabajo -- Nochero -- Mauricio y su silbido -- Monigote de carbón -- El pueblo dibujado -- Bumble y los marineros de papel -- Biografía de la autora 
653 |a Literatura 
653 |a Literatura argentina 
653 |a Literatura infantil 
653 |a Cuentos infantiles 
700 1 |a Colombo, Natalia Virginia; il. 
859 |a CEMS  |b BIB. CEMS - 11 de abril  |h A868.4  |i D497  |p 27177.15  |t Ej.1